00734nam a2200193 i 4500001000700000003000900007005001700016008004100033020002200074080005700096100002800153245008700181250001200268260004300280300002200323504003300345600007400378852008800452184796ES-MaACL20231119154023.0160111s2011 sp |||| | spa d a978-84-9946-151-9 a821.134.2 Cervantes Saavedra, Miguel de 7 Quijote.071 aCabada Gómez, Manuel.10aDel "Quijote" de risa al grave b: su lectura comparada / cManuel Cabada Gómez. a2ª ed. aMadrid : bEdición Personal, c2011. a154 p. ; c21 cm. aBibliografía: p. 153-[154]14aCervantes Saavedra, Miguel de,d1547-1616. tDon Quijote de la Mancha aES-MaACLjA-13559bR.150776cDEPO1dOlim: N-6559hDonación: Manuel Cabada Gómez